000 00875nas a2200277 4500
001 BR2014000532
003 BR-BrBNA
005 20231205123626.0
007 ta
008 230509b bl.|||p| |||| 00| 00por d
040 _aBR-BrBNA
_bpor
_cBiblioteca Nacional de Agricultura
041 _a(En)
072 _aL53; L53
100 1 _aGuimarães, D.A.
100 1 _aCardoso, D. de L.
100 1 _aFerreira, M.A.P.
100 1 _aAubuquerque, N.I. de
245 1 _aPuberty in male collared peccary (Pecari tajacu)determined by quantitative analysis of spermatogenic cells
650 _aPORCO SELVAGEM
650 _aREPRODUÇÃO ANIMAL
650 _aESPERMATOGÊNESE
650 _aBIOLOGIA
773 0 _tActa Amazônica (Brazil)
_xISSN 0044-5967
_g(Mar 2013), v. 43(1) p. 101-106
_wBR2014000532
909 _a202311
_bLúcia
_c55
_dLúcia Elande
942 _2AGRIS
_n0
_cANA
999 _c234856
_d234856